Statistics for Independence from Who- Part 1

Click here to take the quiz!

General Stats

  • This quiz has been taken 23 times
  • The average score is 11 of 15

Answer Stats

CountryIndependent From% Correct
IrelandUnited Kingdom
100%
AlgeriaFrance
87%
NorwaySweden
83%
South SudanSudan
78%
Marshall IslandsUnited States of America
78%
Democratic Republic of the CongoBelgium
74%
LibyaItaly
74%
Papua New GuineaAustralia
70%
UruguayBrazil
70%
PanamaColombia
65%
SingaporeMalaysia
65%
NamibiaSouth Africa
65%
SamoaNew Zealand
61%
BangladeshPakistan
61%
DenmarkDenmark
35%

Score Distribution

Percentile by Number Answered

Percent of People with Each Score

Your Score History

You have not taken this quiz